[Event "Maria Albulet Mem"]
[Site "Braila ROM"]
[Date "2009.07.22"]
[Round "7"]
[White "Bulmaga,I"]
[Black "Padurariu,I"]
[Result "1-0"]
[WhiteElo "2277"]
[BlackElo "2238"]

1.e4 c5 2.Nf3 e6 3.d4 cxd4 4.Nxd4 Nc6 5.Nc3 Qc7 6.Be3 a6 7.Bd3 Nf6 8.O-O Nxd4
9.Bxd4 Bc5 10.Be2 d6 11.Qd3 Bxd4 12.Qxd4 e5 13.Qb4 Be6 14.Rfd1 Qc5 15.Qxc5 dxc5
16.a4 Ke7 17.g3 g5 18.f3 Rhd8 19.Kf2 Rd4 20.Ke3 Rad8 21.b3 Rxd1 22.Nxd1 Ne8
23.Nb2 f6 24.Rd1 Nd6 25.a5 Rc8 26.Bc4 Nb5 27.Bxe6 Kxe6 28.Nc4 Nd4 29.c3 Nb5
30.Rd3 h5 31.h3 h4 32.g4 Rc7 33.Nb6 Rc6 34.Kd2 Rd6 35.Rd5 Nc7 36.c4 Rxd5+
37.exd5+ Kd6 38.Ke3 Ne8 39.Ke4 Ng7 40.Na4 f5+ 41.gxf5 Nh5 42.Ke3 Nf4 43.f6 Nxh3
44.Nxc5 Nf4 45.Ne4+ Kd7 46.Kf2 Nd3+ 47.Kg1 Ne1 48.Nxg5  1-0

[Event "Corporation Centre Cup"]
[Site "Izhevsk RUS"]
[Date "2009.07.22"]
[Round "8"]
[White "Lepkasov,V"]
[Black "Alavkin,A"]
[Result "0-1"]
[WhiteElo "2037"]
[BlackElo "2439"]

1.e4 c5 2.Nf3 e6 3.d4 cxd4 4.Nxd4 Nc6 5.Nc3 Qc7 6.Be2 Nf6 7.Be3 a6 8.O-O Bb4
9.Na4 O-O 10.Nxc6 bxc6 11.Nb6 Rb8 12.Nxc8 Qxc8 13.Ba7 Ra8 14.Bd4 Be7 15.e5 Nd5
16.c4 Nf4 17.Bf3 f6 18.Rc1 Qc7 19.Re1 Ng6 20.exf6 Bxf6 21.Be4 Bxd4 22.Qxd4 Nf4
23.c5 Rf6 24.Rc3 Raf8 25.Rg3 Qa5 26.Rge3 Nd5 27.Bxd5 cxd5 28.Rf1 Rf4 29.Qd3 Qxc5
30.Re2 a5 31.Qc2 Qd4 32.Qd2 Qb6 33.Re3 a4 34.b3 Rd4 35.Qc2 axb3 36.Rxb3 Rb4
37.Rfb1 Rxb3 38.axb3 Qd4 39.b4 Qc4 40.Qd2 Rb8 41.h3 d4 42.Rc1 Qd5 43.Rc5 Qd6
44.Qd3 g6 45.Qd2 d3 46.g3 Ra8 47.Kh2 Qd4 48.h4 e5 49.Rc1 Qd5 50.Rd1 Ra2 51.Qxd3 Rxf2+
52.Kh3 Qg2+ 53.Kg4 Rf4+ 54.Kg5 Rf5+  0-1

[Event "2nd Open"]
[Site "Paleohora GRE"]
[Date "2009.07.22"]
[Round "3"]
[White "Kryvoruchko,Y"]
[Black "Konguvel,P"]
[Result "1-0"]
[WhiteElo "2611"]
[BlackElo "2419"]

1.e4 c5 2.Nf3 e6 3.d4 cxd4 4.Nxd4 Nc6 5.Nc3 Qc7 6.Be3 a6 7.Qd2 Nf6 8.O-O-O Bb4
9.f3 O-O 10.g4 b5 11.g5 Ne8 12.a3 Be7 13.h4 Ne5 14.f4 Ng4 15.Bg1 b4 16.axb4 Bxb4
17.Be2 h5 18.Bxg4 hxg4 19.Nde2 Bb7 20.Qxd7 Bxc3 21.Nxc3 Qxf4+ 22.Kb1 Nc7
23.Bb6 Rac8 24.Rhf1 Qh2 25.g6 f6 26.h5 Nb5 27.h6  1-0

[Event "2nd Open"]
[Site "Paleohora GRE"]
[Date "2009.07.22"]
[Round "3"]
[White "Hunt,A"]
[Black "Svetushkin,D"]
[Result "0-1"]
[WhiteElo "2428"]
[BlackElo "2607"]

1.e4 c5 2.Nf3 e6 3.d4 cxd4 4.Nxd4 Nc6 5.Nc3 Qc7 6.Be2 Nf6 7.O-O a6 8.Nxc6 bxc6
9.f4 d5 10.e5 Nd7 11.Na4 Nb6 12.c4 Nxa4 13.Qxa4 Bd7 14.Qc2 Qb6+ 15.Kh1 Be7
16.Rf3 O-O 17.Be3 d4 18.Bd2 c5 19.Bd3 g6 20.Rg3 Bc6 21.b3 Qb7 22.Be1 f5 23.Kg1 Kh8
24.Bd2 Rg8 25.Rf1 Rg7 26.Bc1 a5 27.a4 Rag8 28.Bd2 Bh4 29.Rh3 g5 30.fxg5 Bxg5
31.Bxg5 Rxg5 32.g3 Qg7 33.Re1 Ba8 34.Bf1 f4 35.Re4 fxg3 36.Reh4 gxh2+ 37.Kxh2 Qxe5+  0-1

[Event "Najdorf Mem Open"]
[Site "Warsaw POL"]
[Date "2009.07.22"]
[Round "5"]
[White "Deszczynski,A"]
[Black "Cyborowski,L"]
[Result "0-1"]
[WhiteElo "2352"]
[BlackElo "2498"]

1.e4 c5 2.Nf3 e6 3.d4 cxd4 4.Nxd4 Nc6 5.Nc3 Qc7 6.Be3 Nf6 7.Bd3 a6 8.O-O Nxd4
9.Bxd4 Bc5 10.Bxc5 Qxc5 11.Kh1 d6 12.f4 e5 13.Qe1 Be6 14.f5 Bd7 15.Qh4 Bc6
16.g4 d5 17.g5 Nxe4 18.Nxe4 dxe4 19.Bxe4 Qxc2 20.Rfe1 Rc8 21.f6 gxf6 22.gxf6 Rg8
23.Rad1 Rg6 24.Bxc6+ Qxc6+ 25.Qe4 Qxe4+ 26.Rxe4 Rxf6 27.Rxe5+ Re6 28.Rxe6+ fxe6
29.Rd2 Ke7 30.Kg2 Rf8 31.Rc2 Rf7 32.Rc7+ Kf6 33.Rc5 Ke7 34.Rc7+ Ke8 35.Rc2 Kd7
36.Rd2+ Ke7 37.Kg3 e5 38.b4 Ke6 39.b5 e4 40.bxa6 bxa6 41.Rd8 Rf6 42.Kg4 h6
43.h4 Ke5 44.Re8+ Kd4 45.Rd8+ Kc3 46.Rc8+ Kd3  0-1

[Event "Najdorf Mem Open"]
[Site "Warsaw POL"]
[Date "2009.07.22"]
[Round "5"]
[White "Socko,M"]
[Black "Genutis,M"]
[Result "1/2-1/2"]
[WhiteElo "2449"]
[BlackElo "2317"]

1.e4 c5 2.Nf3 e6 3.d4 cxd4 4.Nxd4 Nc6 5.Nc3 Qc7 6.Be2 a6 7.Be3 Nf6 8.O-O Bb4
9.Na4 Be7 10.Nxc6 bxc6 11.Nb6 Rb8 12.Nxc8 Qxc8 13.Bd4 c5 14.Be5 Rb6 15.Bc3 Nxe4
16.Bxg7 Rg8 17.Be5 Bd6 18.Bg3 Qc7 19.Qd3 f5 20.Bxd6 Qxd6 21.Qxd6 Nxd6 22.b3 Ke7
23.Rad1 Ne4 24.Rd3 d5 25.Re1 Rd6 26.Bf3 a5 27.Kf1 Rg6 28.Bxe4 fxe4 29.Rh3 h6
30.Ree3 Ra6 31.a4 Ra8 32.Reg3 Rf6 33.Ke2 Kd6 34.f3 exf3+ 35.Rxf3 Rxf3 36.gxf3 Rg8
37.Rxh6 Rg2+ 38.Kd3 Rf2 39.Rh3 Ke5 40.Rh8 Rxf3+ 41.Ke2 Rf4 42.Rh5+ Kd4 43.Rh3  1/2-1/2

[Event "XXVII Andorra Open"]
[Site "Arinsal AND"]
[Date "2009.07.23"]
[Round "6"]
[White "Shytaj,L"]
[Black "Damljanovic,B"]
[Result "1/2-1/2"]
[WhiteElo "2455"]
[BlackElo "2551"]

1.e4 c5 2.Nf3 e6 3.d4 cxd4 4.Nxd4 Nc6 5.Nc3 Qc7 6.Be3 a6 7.Qd2 Nf6 8.O-O-O Be7
9.f3 h5 10.Qf2 Ne5 11.h3 h4 12.f4 Nc4 13.Bxc4 Qxc4 14.e5 Nh5 15.Ne4 b5 16.b3 Qb4
17.Bd2 Qa3+ 18.Kb1 Bb7 19.Rhe1 Bxe4 20.Rxe4 Ng3 21.Ree1 O-O 22.Bc1 Qc5 23.Qd2 Rac8
24.Bb2 Rfd8 25.f5 exf5 26.Qf4 d6 27.exd6 Qxd6 28.Qxd6 Bxd6 29.Nf3 Bb4 30.c3 Rxd1+
31.Rxd1 Be7 32.Rd7 Bf6 33.Rd6 Ne4 34.Rxa6 g5 35.Rxf6 Nxf6 36.c4 Ne4 37.cxb5 f6
38.a4 Kf7 39.Nd4 Nd6 40.a5 Ke7 41.b6 Kd7 42.a6 f4 43.Ba3 Nb7 44.axb7 Rb8
45.Bc5 Rxb7 46.Kc2 Rb8 47.Kd3 g4 48.hxg4 Rg8 49.b7 Kc7 50.Ne6+ Kxb7 51.Nxf4 Rxg4
52.Ke4 Kc6 53.b4 Kb5 54.Kf5 Rxg2 55.Nxg2 h3 56.Bg1  1/2-1/2

[Event "Politiken Cup"]
[Site "Helsingor DEN"]
[Date "2009.07.23"]
[Round "7"]
[White "Capion,J"]
[Black "Petersen,Nil"]
[Result "1-0"]
[WhiteElo "1690"]
[BlackElo "2060"]

1.e4 c5 2.Nf3 e6 3.d4 cxd4 4.Nxd4 Nc6 5.Nc3 a6 6.Be3 Nf6 7.f3 Bb4 8.a3 Bxc3+
9.bxc3 O-O 10.Bd3 d5 11.Nxc6 bxc6 12.Bc5 Re8 13.e5 Nd7 14.Bd6 f5 15.O-O c5
16.f4 a5 17.Bxf5 Bb7 18.Bh3 g6 19.Rb1 Bc6 20.g4 c4 21.Qd4 Nf6 22.Rb6 Rc8
23.f5 Ne4 24.fxe6 Nxd6 25.exd6 Qxd6 26.Rf7  1-0

[Event "zt 3.3"]
[Site "Ho Chi Minh City VIE"]
[Date "2009.07.23"]
[Round "1"]
[White "Ly Hong Nguyen"]
[Black "So,W"]
[Result "1/2-1/2"]
[WhiteElo "2302"]
[BlackElo "2646"]

1.e4 c5 2.Nf3 e6 3.d4 cxd4 4.Nxd4 Nc6 5.Nc3 Qc7 6.Be2 Nf6 7.O-O a6 8.Be3 Bb4
9.Na4 Be7 10.Nxc6 bxc6 11.Nb6 Rb8 12.Nxc8 Qxc8 13.Bd4 Qc7 14.e5 Nd5 15.c4 Nf4
16.Qd2 g5 17.g3 Bb4 18.Qe3 c5 19.Bc3 Bxc3 20.bxc3 Ng6 21.Qxg5 Rb2 22.Rae1 Qxe5
23.Qxe5 Nxe5 24.Rb1 Rxb1 25.Rxb1 Ke7 26.Rb6 Nc6 27.Rxa6 Rb8 28.f4 Rb2 29.Bf3 Kd6
30.Bxc6 dxc6 31.Ra7 f5 32.Rxh7 Rc2 33.Rg7 Rxc3 34.h4 Rxc4 35.h5 Rc1+ 36.Kg2 Rc2+
37.Kh3 Rxa2 38.h6 Ra1 39.Kg2 Ra2+ 40.Kh3 Ra8 41.h7 Rh8 42.Kg2 e5 43.fxe5+ Kxe5
44.Kf3 Kd4 45.Rd7+ Ke5 46.Rc7 Kd6 47.Rg7 Ke5 48.Rc7 Kd6  1/2-1/2

[Event "Synthesia Rapid Open"]
[Site "Pardubice CZE"]
[Date "2009.07.23"]
[Round "7"]
[White "Navara,D"]
[Black "Zakhartsov,Vi"]
[Result "1-0"]
[WhiteElo "2687"]
[BlackElo "2541"]

1.e4 c5 2.Ne2 Nc6 3.d4 cxd4 4.Nxd4 e6 5.Nc3 Qc7 6.g3 a6 7.Bg2 Nf6 8.O-O d6
9.Re1 Rb8 10.Nxc6 bxc6 11.Na4 c5 12.b3 Bd7 13.Nb2 Bc6 14.Nc4 Be7 15.Bb2 e5
16.f4 Nd7 17.Bc3 Rc8 18.Bh3 O-O 19.Bxd7 Bxd7 20.fxe5 dxe5 21.Bxe5 Qb7 22.Bd6 Bb5
23.Bxe7 Qxe7 24.Nb6 Rcd8 25.Nd5 Qb7 26.c4 Bc6 27.Qf3 f5 28.Rad1 fxe4 29.Qxe4 Kh8
30.Qe7 Qb8 31.Qxc5 Rf3 32.Qxc6 Rxg3+ 33.Kh1 Rh3 34.Qc7 Qa8 35.Rg1  1-0

[Event "Synthesia Rapid Open"]
[Site "Pardubice CZE"]
[Date "2009.07.23"]
[Round "8"]
[White "Neiksans,A"]
[Black "Laznicka,V"]
[Result "0-1"]
[WhiteElo "2478"]
[BlackElo "2617"]

1.e4 c5 2.Nf3 e6 3.d4 cxd4 4.Nxd4 Nc6 5.Nc3 a6 6.Be3 Nf6 7.a3 Qc7 8.Be2 Be7
9.f4 d6 10.Qd2 O-O 11.Bf3 Na5 12.Qd3 Nc4 13.Bc1 e5 14.Nde2 b5 15.b3 Nb6 16.Bb2 Bb7
17.O-O-O Rfd8 18.Kb1 Rac8 19.g4 d5 20.exd5 exf4 21.Qf5 Nbxd5 22.Nxd5 Bxd5
23.Bxd5 g6 24.Qxf4 Qxc2+ 25.Ka1 Nxd5 26.Qh6 Bf6 27.Nd4 Qc5 28.Rhf1 Qe7 29.Rde1 Qd6
30.Rxf6 Qxf6 31.Ne6 Nc3 32.Nxd8 Qxd8 33.Rc1 Qd3 34.Qf4 a5 35.Qe5 b4 36.Qxa5 Qd4
37.Qxb4 Qxb4 38.axb4 Ra8+ 39.Ba3 Nb5 40.Kb2 Re8 41.Rc2 Re4 42.Ka2 Rxg4 43.Bb2 f5
44.Rc5 Nd6 45.b5 Rb4 46.Ba3 Rxb5 47.Rc7 Ra5 48.Rd7 Nb5 49.Rd5 Rxa3+ 50.Kb2 Ra7
51.Rxb5 Kf7 52.b4 f4 53.Rd5 Ke6 54.Rd1 Kf5 55.b5 Rb7 56.Rd5+ Ke4 57.Rc5 Kd4  0-1

[Event "Synthesia Rapid Open"]
[Site "Pardubice CZE"]
[Date "2009.07.23"]
[Round "9"]
[White "Panocki,A"]
[Black "Jansa,Vl"]
[Result "0-1"]
[WhiteElo "2369"]
[BlackElo "2470"]

1.e4 c5 2.Nf3 e6 3.d4 cxd4 4.Nxd4 Nc6 5.Nc3 a6 6.Nxc6 bxc6 7.Bd3 d5 8.exd5 cxd5
9.O-O Nf6 10.Ne2 Be7 11.Ng3 O-O 12.Re1 Bb7 13.Bf4 Re8 14.Be5 Bd6 15.Nh5 Bxe5
16.Rxe5 g6 17.Nxf6+ Qxf6 18.Qe2 a5 19.Re1 Rac8 20.Qg4 Bc6 21.Qd4 Qd8 22.h4 Rb8
23.h5 Rb4 24.Qc3 Bb7 25.h6 d4 26.Qd2 Rxb2 27.Rxa5 Bd5 28.Qf4 Qxa5 29.Qf6 Qxe1+
30.Kh2 Kf8 31.Bxg6 Rb7 32.Bxh7 Rb1 33.Kg3 Qh1 34.f3 Rg1  0-1

[Event "ch-Euro Senior"]
[Site "Rogaska Slatina SLO"]
[Date "2009.07.23"]
[Round "2"]
[White "Kornath,H"]
[Black "Stull,N"]
[Result "0-1"]
[WhiteElo "1959"]
[BlackElo "2156"]

1.e4 c5 2.Nf3 e6 3.d4 cxd4 4.Nxd4 Nc6 5.Nc3 a6 6.Be3 Qc7 7.Bd3 Nf6 8.O-O Be7
9.Kh1 O-O 10.f4 d6 11.a3 Nxd4 12.Bxd4 e5 13.Be3 exf4 14.Bxf4 Be6 15.Qe2 Nd7
16.Nd5 Bxd5 17.exd5 Ne5 18.Bxe5 dxe5 19.Rae1 Bd6 20.Rf3 g6 21.g4 Rae8 22.g5 e4
23.Bxe4 Re5 24.Qg2 Rfe8 25.Rfe3 Qe7 26.h4 f5 27.gxf6 Qxf6 28.Rh3 Rxe4  0-1

[Event "ch-Euro Senior"]
[Site "Rogaska Slatina SLO"]
[Date "2009.07.23"]
[Round "2"]
[White "Plachetka,J"]
[Black "Slana,M"]
[Result "1-0"]
[WhiteElo "2370"]
[BlackElo "2037"]

1.e4 c5 2.Nf3 e6 3.d4 cxd4 4.Nxd4 Nc6 5.Nc3 Bb4 6.Nb5 d6 7.a3 Bxc3+ 8.Nxc3 a6
9.Qg4 Kf8 10.Qg3 e5 11.Be3 Be6 12.O-O-O b5 13.Bc5 dxc5 14.Rxd8+ Rxd8 15.Be2 f6
16.Bg4 Nd4 17.Bxe6 Nxe6 18.Nd5 Ne7 19.Rd1 Kf7 20.Qc3 Nc6 21.g3 a5 22.f4 Ncd4
23.Kb1 exf4 24.gxf4 Ne2 25.Qxa5 N2xf4 26.Qa7+ Kg8 27.Qe7 Rf8 28.Nxf4 Nxf4
29.Rd7  1-0

[Event "13th Battle of Senta Open A"]
[Site "Senta SRB"]
[Date "2009.07.23"]
[Round "7"]
[White "Bojanic,Br"]
[Black "Krstic,P"]
[Result "0-1"]
[WhiteElo "2235"]
[BlackElo "2309"]

1.e4 c5 2.Nf3 e6 3.d4 cxd4 4.Nxd4 Nc6 5.Nc3 Qc7 6.g3 a6 7.Bg2 d6 8.O-O Bd7
9.a4 Nf6 10.Nb3 Ne5 11.f4 Nc4 12.Kh1 h5 13.h3 Be7 14.Qe2 Rc8 15.Re1 e5 16.Nd5 Nxd5
17.exd5 Bf6 18.c3 g6 19.Nd4 O-O 20.Nf3 Rfe8 21.Qf2 Bg7 22.b3 Na5 23.b4 Nb3
24.Ra3 Nxc1 25.Rxc1 exf4 26.gxf4 Qc4 27.Ng5 Bf5 28.Rd1 Bxc3 29.b5 axb5 30.axb5 Qxb5
31.Bf1 Qb4 32.Ra2 Bf6 33.Bg2 Qb3 34.Rf1 Qe3 35.Qxe3 Rxe3 36.Ra7 Re7 37.h4 b5
38.Ra6 Rd8 39.Rb6 Bd4 40.Rc6 b4 41.Rd1 Bc5 42.Rd2 b3 43.Rb2 Rb8  0-1

[Event "Najdorf Mem Open"]
[Site "Warsaw POL"]
[Date "2009.07.23"]
[Round "6"]
[White "Maugenest,G"]
[Black "Melchers,D"]
[Result "1/2-1/2"]
[WhiteElo "2043"]
[BlackElo "2023"]

1.e4 c5 2.Nf3 Nc6 3.d4 cxd4 4.Nxd4 e6 5.Nc3 Qc7 6.Be2 Nf6 7.O-O a6 8.Be3 b5
9.Nxc6 dxc6 10.f3 Bb7 11.Qe1 Be7 12.Qf2 c5 13.a4 b4 14.Nb1 O-O 15.a5 Bd6
16.g3 Nd7 17.Nd2 f5 18.Bc4 fxe4 19.Bxe6+ Kh8 20.Bxd7 Qxd7 21.f4 Qb5 22.b3 Bd5
23.Rfd1 Rad8 24.Qf1 Qc6 25.Nc4 Be7 26.Nb6 Be6 27.Qxa6 Bf6 28.Rxd8 Rxd8 29.Rb1 Bg4
30.Qc4 Bd4 31.Re1 Bxe3+ 32.Rxe3 Rd1+ 33.Kf2 Bf3 34.Qf7 h6 35.Nc4 Qc8 36.f5 Qd8
37.g4 Rd2+ 38.Kf1 Rd1+ 39.Re1 Rxe1+ 40.Kxe1 Qd1+ 41.Kf2 Qe2+ 42.Kg3 Qg2+
43.Kf4 Qxh2+ 44.Ke3  1/2-1/2

[Event "XXVII Andorra Open"]
[Site "Arinsal AND"]
[Date "2009.07.24"]
[Round "7"]
[White "Vehi Bach,V"]
[Black "De la Riva Aguado,O"]
[Result "1/2-1/2"]
[WhiteElo "2387"]
[BlackElo "2532"]

1.e4 c5 2.Nf3 e6 3.d4 cxd4 4.Nxd4 Nc6 5.Nc3 Qc7 6.Be3 a6 7.Be2 Nf6 8.O-O Bb4
9.Na4 Be7 10.Nxc6 bxc6 11.Nb6 Rb8 12.Nxc8 Qxc8 13.Bd4 c5 14.Be5 Rb6 15.b3 O-O
16.Qd3 d6 17.Bxf6  1/2-1/2

[Event "Maria Albulet Mem"]
[Site "Braila ROM"]
[Date "2009.07.24"]
[Round "9"]
[White "Daulyte,D"]
[Black "Padurariu,I"]
[Result "1-0"]
[WhiteElo "2268"]
[BlackElo "2238"]

1.e4 c5 2.Nf3 e6 3.d4 cxd4 4.Nxd4 Nc6 5.Nc3 Qc7 6.Be2 a6 7.O-O Nf6 8.Be3 Bb4
9.Na4 Be7 10.Nxc6 bxc6 11.Nb6 Rb8 12.Nxc8 Qxc8 13.Bd4 Qc7 14.e5 Nd5 15.b3 a5
16.Qd2 O-O 17.c4 Bb4 18.Qc1 Ne7 19.c5 Nf5 20.Bb2 Qa7 21.g4 Ne7 22.Bd4 a4
23.a3 Ba5 24.b4 Bc7 25.Bd3 Ng6 26.Qe3 Rbe8 27.Rae1 Qb8 28.g5 Bd8 29.Kh1 Nh4
30.Qf4 Ng6 31.Qg4 Bc7 32.f4 Rc8 33.Re3 Rfe8 34.Ref3 Nf8 35.Bxh7+ Nxh7 36.Qh5 Kf8
37.Qxh7 Ke7 38.Qxg7 Rf8 39.g6  1-0

[Event "Dutch Open"]
[Site "Dieren NED"]
[Date "2009.07.24"]
[Round "4"]
[White "Kuipers,S"]
[Black "Vovk,Y"]
[Result "0-1"]
[WhiteElo "2324"]
[BlackElo "2567"]

1.e4 c5 2.Nf3 e6 3.d4 cxd4 4.Nxd4 Nc6 5.Nc3 Qc7 6.Be3 a6 7.Qd2 Nf6 8.O-O-O Bb4
9.f3 Ne5 10.Nb3 b5 11.Qd4 Nc6 12.Qb6 Qxb6 13.Bxb6 Bxc3 14.bxc3 d5 15.Na5 Nxa5
16.Bxa5 Bb7 17.e5 Nd7 18.Re1 O-O 19.Bd3 Rfc8 20.Kd2 Nc5 21.Re3 Rc6 22.f4 Rac8
23.Rc1 Na4 24.Rb1 Nc5 25.Rc1 h5 26.h3 h4 27.g3 Nxd3 28.Rxd3 Rc4 29.Rg1 hxg3
30.Rdxg3 g6 31.h4 d4 32.h5 Be4 33.a3 Ra4 34.Bb4 a5 35.Be7 Rac4 36.hxg6 fxg6
37.Rh3 Rxc3 38.Rxc3 Rxc3 39.Rc1 Kf7 40.Bd6 Ke8 41.Ke1 Kd7 42.Rd1 Rc4 43.c3 dxc3
44.Bb4+ Kc6 45.Bxa5 c2 46.Rc1 Bf5 47.Bd2 Kd5 48.Ke2 Re4+ 49.Kf2 Rd4 50.Ke2 Kc4
51.Rg1 Kb3 52.Rg3+ Ka2 53.Rc3 Rc4 54.Rxc4 bxc4 55.a4 c3 56.Be3 Kb1  0-1

[Event "Quebec Open"]
[Site "Montreal CAN"]
[Date "2009.07.24"]
[Round "8"]
[White "Castellanos Rodriguez,R"]
[Black "Kovalyov,A"]
[Result "0-1"]
[WhiteElo "2453"]
[BlackElo "2557"]

1.e4 c5 2.Nf3 e6 3.d4 cxd4 4.Nxd4 Nc6 5.Nc3 a6 6.Nxc6 bxc6 7.Bd3 Qc7 8.O-O Nf6
9.Qe2 d6 10.f4 Be7 11.Kh1 Nd7 12.e5 d5 13.Na4 Bb7 14.c4 d4 15.Bd2 c5 16.b3 g6
17.Rae1 Bc6 18.Kg1 a5 19.Be4 Nb6 20.Nxb6 Qxb6 21.Bxc6+ Qxc6 22.a4 h5 23.g3 Kd7
24.h4 Rhb8 25.Rf3 Rb7 26.Kf2 Bd8 27.Qd3 Rab8 28.Rb1 Bc7 29.Be1 Rf8 30.Bd2 Rbb8
31.Re1 Rbe8 32.Kg1 f6 33.exf6 Rxf6 34.Rf2 Rf5 35.Ref1 Re7 36.Qf3 Qxf3 37.Rxf3 Re8
38.Kg2 Rb8 39.Rb1 Rf7 40.Rf2 Ke7 41.Rf3 Kf6 42.Re1 Rff8 43.Rd3 Rb7 44.Rf1 Kf5
45.Kf3 e5 46.fxe5 Kxe5+ 47.Bf4+ Ke6 48.Re1+ Kd7 49.Re4 Rb6 50.Ke2 Bxf4 51.gxf4 Re6
52.Rxe6 Kxe6 53.Rg3 Rxf4 54.Rxg6+ Kf5 55.Rg5+ Ke4 56.Rxc5 d3+ 57.Ke1 Rxh4
58.Rxa5 Rh2 59.Ra8 d2+  0-1

[Event "Czech Open A"]
[Site "Pardubice CZE"]
[Date "2009.07.24"]
[Round "1"]
[White "Lanin,A"]
[Black "De Verdier,M"]
[Result "1/2-1/2"]
[WhiteElo "2449"]
[BlackElo "2257"]

1.e4 c5 2.Nf3 e6 3.d4 cxd4 4.Nxd4 Nc6 5.Nc3 Qc7 6.f4 Nxd4 7.Qxd4 a6 8.Be3 b5
9.Be2 Bb7 10.Bf3 Rc8 11.Rd1 Ne7 12.Qd3 Nc6 13.a3 Be7 14.O-O d6 15.e5 dxe5
16.f5 Nd4 17.Bxd4 exd4 18.fxe6 O-O 19.Bxb7 Qxb7 20.exf7+ Rxf7 21.Rxf7 Kxf7
22.Ne2 Kg8 23.Nxd4 Bf6 24.c3 Rd8 25.Qf5 Qb6 26.Qe4 h6 27.Kh1 Kh8 28.Rd3 Qd6
29.h3 Kg8 30.Rd2 Qb6 31.Qg4 Kh8 32.Qf5 a5 33.Nf3 Rxd2 34.Nxd2 b4 35.Ne4 Be7
36.axb4 axb4 37.Qe5 bxc3 38.bxc3 Bd8 39.Nd2 Bc7 40.Qe8+ Kh7 41.Qe4+ Kh8 42.Nf3 Qf2
43.Qa8+ Kh7 44.Qa1 Qc2 45.Ne1 Qb3 46.Nd3 Qc4 47.Nf2 Be5 48.Qb1+ Kh8 49.Ne4  1/2-1/2

[Event "Najdorf Mem Open"]
[Site "Warsaw POL"]
[Date "2009.07.24"]
[Round "7"]
[White "Socko,M"]
[Black "Adamski,J"]
[Result "1-0"]
[WhiteElo "2449"]
[BlackElo "2276"]

1.e4 c5 2.Nf3 e6 3.d4 cxd4 4.Nxd4 Nc6 5.Nc3 Qc7 6.Be2 Nf6 7.O-O Be7 8.Be3 O-O
9.Kh1 d6 10.f4 Bd7 11.Ndb5 Qb8 12.a4 a6 13.Na3 Rd8 14.Nc4 b5 15.axb5 axb5
16.Rxa8 Qxa8 17.Nb6 Qb7 18.Bxb5 Be8 19.Be2 Nb4 20.Bf3 Bc6 21.Nc4 Bxe4 22.Nxe4 Nxe4
23.c3 Na6 24.Na5 Qc7 25.Bxe4 Qxa5 26.b4 Qb5 27.Bd3 Qb7 28.Qc2 g6 29.Ra1 Ra8
30.Ra4 Nc7 31.c4 Rxa4 32.Qxa4 Na6 33.Qe8+ Bf8 34.b5 Nc5 35.Qc6 Qa7 36.Bxc5 dxc5
37.g3 Qb8 38.Kg2 h5 39.Be2 Bd6 40.b6 Kg7 41.Bf3 Qd8 42.Qb5 Qe7 43.Qb2+ Qf6
44.Qd2 Qe7 45.Qe3 Qf6 46.Qd2 Qe7 47.b7 Bc7 48.b8=Q Bxb8 49.Qb2+  1-0

[Event "ch-POL w"]
[Site "Bogatynia POL"]
[Date "2009.07.25"]
[Round "7"]
[White "Zawadzka,J"]
[Black "Majdan,J"]
[Result "1/2-1/2"]
[WhiteElo "2387"]
[BlackElo "2382"]

1.e4 c5 2.Nf3 Nc6 3.d4 cxd4 4.Nxd4 e6 5.Nc3 Qc7 6.Be3 a6 7.Bd3 Nf6 8.O-O Bd6
9.h3 O-O 10.Kh1 Bf4 11.Bxf4 Qxf4 12.Nde2 Qc7 13.f4 d6 14.a4 Bd7 15.Ng3 Qa5
16.Qe1 Rad8 17.Rd1 Kh8 18.Qe3 Bc8 19.Rfe1 Nd7 20.Be2 Qc5 21.Bf3 Qxe3 22.Rxe3 g5
23.fxg5 Nde5 24.b3 Rg8 25.Nge2 Rxg5 26.Nf4 Nb4 27.Rd2 b6 28.Bd1 Bb7 29.Nce2 Nbc6
30.Rg3 Rxg3 31.Nxg3 Ne7 32.Kg1 Bc6 33.Kf2 Kg7 34.c4 Kf8 35.Ke3 Bb7 36.Rf2 Ke8
37.Ngh5 N7c6 38.Nd3 Ke7 39.Nf6 a5 40.Bh5 Nb4 41.Nxb4 axb4 42.Kd4 Nc6+ 43.Ke3 Ne5
44.Kd4 Nc6+  1/2-1/2

[Event "Dutch Open"]
[Site "Dieren NED"]
[Date "2009.07.25"]
[Round "5"]
[White "Burg,T"]
[Black "Brandenburg,D"]
[Result "1/2-1/2"]
[WhiteElo "2422"]
[BlackElo "2463"]

1.e4 c5 2.Nf3 e6 3.d4 cxd4 4.Nxd4 Nc6 5.Nc3 Qc7 6.Be2 a6 7.O-O Nf6 8.Be3 Bb4
9.Na4 Be7 10.Nxc6 bxc6 11.Nb6 Rb8 12.Nxc8 Qxc8 13.Bd4 Qc7 14.e5 Nd5 15.b3 a5
16.g3 c5 17.Bb2 O-O 18.a4 Nb4 19.Bb5 Nc6 20.Re1 f6 21.Qd2 fxe5 22.Bxc6 Qxc6
23.Bxe5 Rb7 24.Rad1  1/2-1/2

[Event "Dutch Open"]
[Site "Dieren NED"]
[Date "2009.07.25"]
[Round "5"]
[White "Nijboer,F"]
[Black "Giri,A"]
[Result "0-1"]
[WhiteElo "2552"]
[BlackElo "2518"]

1.e4 c5 2.Nf3 e6 3.Nc3 Nc6 4.d4 cxd4 5.Nxd4 Qc7 6.Be3 a6 7.Qd2 Nf6 8.O-O-O Be7
9.f3 h5 10.Qf2 d6 11.h3 b5 12.Nxc6 Qxc6 13.Bd3 h4 14.Kb1 b4 15.Ne2 e5 16.Bg5 Nd7
17.Bxe7 Kxe7 18.Qe3 Qc5 19.Qd2 Nf6 20.Rhf1 Be6 21.f4 a5 22.fxe5 dxe5 23.Qg5 Rh5
24.Qd2 Rd8 25.Qc1 a4 26.Rf3 Rd6 27.Re1 Kf8 28.b3 Nd7 29.Ref1 f6 30.Qe1 Kf7
31.Rg1 Rh8 32.g3 Rc8 33.gxh4 axb3 34.Qg3 Rxd3  0-1

[Event "Politiken Cup"]
[Site "Helsingor DEN"]
[Date "2009.07.25"]
[Round "9"]
[White "Andersen,Mad"]
[Black "Rasmussen,A"]
[Result "1/2-1/2"]
[WhiteElo "2336"]
[BlackElo "2536"]

1.e4 c5 2.Nf3 e6 3.Nc3 Nc6 4.d4 cxd4 5.Nxd4 Qc7 6.g3 a6 7.Bg2 d6 8.O-O Bd7
9.Re1 Be7 10.Nxc6 Bxc6 11.a4 Nf6 12.a5 O-O 13.Be3 Rae8 14.Bb6 Qc8 15.Bd4 Nd7
16.Na4 f5 17.Qd3 e5 18.Nb6  1/2-1/2

[Event "2nd Open"]
[Site "Paleohora GRE"]
[Date "2009.07.25"]
[Round "6"]
[White "Georgiadis,I"]
[Black "Timoshenko,G"]
[Result "0-1"]
[WhiteElo "2438"]
[BlackElo "2556"]

1.e4 c5 2.Nf3 Nc6 3.d4 cxd4 4.Nxd4 e6 5.Nc3 Qc7 6.Be3 a6 7.Be2 Nf6 8.O-O Bb4
9.Nxc6 bxc6 10.f4 Bxc3 11.bxc3 Nxe4 12.Bf3 Nd6 13.Rb1 Nf5 14.Bb6 Qd6 15.c4 O-O
16.Qxd6 Nxd6 17.Bc5 Nxc4 18.Bxf8 Kxf8 19.Rb4 Nd6 20.Rfb1 Ke7 21.Ra4 g6 22.Be2 h5
23.Kf2 a5 24.Ke3 Nb7 25.Kd4 d5 26.c4 Kd6 27.Rb6 Nc5 28.Ra3 a4 29.Rc3 Ra5
30.Rb8 Bd7 31.Rf8 Ke7 32.Rh8 e5+ 33.fxe5 Ne6+ 34.Kd3 d4 35.Rc1 Nf4+ 36.Kd2 Nxg2
37.c5 Nf4 38.Bf3 Ne6 39.Kd3 Nxc5+ 40.Kxd4 Ne6+ 41.Kd3 Rxe5 42.Bxc6 Nf4+ 43.Kd4 Kd6
44.Bf3 Ne2+ 45.Bxe2 Rxe2 46.Ra8 Rxa2 47.Ra6+ Ke7 48.Ra7 Kf6  0-1

[Event "2nd Open"]
[Site "Paleohora GRE"]
[Date "2009.07.25"]
[Round "6"]
[White "Smith,Bry"]
[Black "Vorobiov,E"]
[Result "0-1"]
[WhiteElo "2467"]
[BlackElo "2598"]

1.e4 c5 2.Nf3 e6 3.d4 cxd4 4.Nxd4 Nc6 5.Nc3 Qc7 6.Be3 a6 7.Bd3 Nf6 8.O-O b5
9.Nxc6 Qxc6 10.f3 Bc5 11.Qe1 Bb7 12.Kh1 Bxe3 13.Qxe3 b4 14.Ne2 d6 15.a3 bxa3
16.Rxa3 O-O 17.Nd4 Qb6 18.Rb3 Qa7 19.Ra1 Nd7 20.Rba3 Qb6 21.Qg1 d5 22.exd5 Bxd5
23.c4 Bb7 24.b4 Ne5 25.Nc2 Qc7 26.Qf1 Rad8 27.c5 a5 28.bxa5 Nxd3 29.Rxd3 Ba6
30.Nb4 Bxd3 31.Nxd3 Ra8 32.Qe1 Ra7 33.a6 Rfa8 34.Qe4 g6 35.Qc4 Rb8 36.h3 Qc6
37.Ne5 Qb5 38.Qf4 Rf8 39.Qd4 f6 40.c6 Qxe5 41.Qxa7 Qxa1+ 42.Kh2 Qe5+  0-1

[Event "Czech Open A"]
[Site "Pardubice CZE"]
[Date "2009.07.25"]
[Round "2"]
[White "Pecha,T"]
[Black "Philippe,C"]
[Result "1/2-1/2"]
[WhiteElo "2213"]
[BlackElo "2428"]

1.e4 c5 2.Nf3 e6 3.d4 cxd4 4.Nxd4 Nc6 5.Nc3 d6 6.Be3 Nf6 7.Be2 Be7 8.Qd2 O-O
9.O-O-O a6 10.f4 Qc7 11.g4 Nxd4 12.Bxd4 e5 13.Be3 exf4 14.Bxf4 Be6 15.g5 Nd7
16.Kb1 Ne5 17.Nd5 Bxd5 18.exd5 Rad8 19.h4 Rfe8 20.Rh3 Bf8 21.Bd3 Re7 22.h5 Nxd3
23.Qxd3 Rde8 24.Bd2 Re4 25.Bc3 Qc4 26.b3 Qxd3 27.Rdxd3 Rg4 28.Rdg3 Ree4 29.Rxg4 Rxg4
30.Bd2 Be7 31.Rc3 f5 32.gxf6 Rg1+ 33.Bc1 Bxf6 34.Rc8+ Kf7 35.Rc7+ Kf8 36.Rxb7 Bg5
37.c4 Bxc1 38.b4 g5 39.hxg6 hxg6 40.Kc2 Bf4 41.b5 axb5 42.cxb5 Ra1 43.Ra7 Be3
44.Ra6 Ke7 45.b6 Rc1+ 46.Kd3 Bc5 47.a4 Rb1 48.a5 Kf6 49.Ra8 Ke5 50.a6 Bxb6
51.Rb8 Rd1+ 52.Ke2 Rxd5 53.Rxb6 Ra5 54.Kd3 Kd5 55.Rb4 Ra3+ 56.Kc2 Ke5 57.Rb6 g5
58.Kb2 Ra4 59.Kb3 g4 60.Rb4 Rxa6 61.Rxg4 Rc6 62.Rh4 d5 63.Rh5+ Ke4 64.Rh4+ Ke3
65.Rh3+ Kf4 66.Rh4+ Ke3 67.Rh3+ Kf4 68.Rh4+ Ke5 69.Rh5+ Kd4 70.Rh4+ Kc5 71.Kc3 Ra6
72.Kd3 Ra3+ 73.Kd2 Rg3 74.Rf4 Rh3 75.Rg4 Kd6 76.Rf4 Ke5 77.Ra4 Rh2+ 78.Kd3 Rf2
79.Rh4 Rf3+ 80.Ke2 Rc3 81.Kd2 Ra3 82.Rg4 Kf5 83.Rh4 Rb3 84.Ra4 Rh3 85.Rb4 Ke5
86.Ra4 d4 87.Ra8 Rh2+ 88.Kd3 Rh3+ 89.Kd2  1/2-1/2

[Event "Continental ch-Americas"]
[Site "Sao Paulo BRA"]
[Date "2009.07.25"]
[Round "1"]
[White "Santana,A"]
[Black "El Debs,F"]
[Result "0-1"]
[WhiteElo "2063"]
[BlackElo "2467"]

1.e4 c5 2.Nf3 e6 3.d4 cxd4 4.Nxd4 Nc6 5.Nc3 Qc7 6.Be3 Nf6 7.f3 Bb4 8.Nb5 Qb8
9.a3 Be7 10.g4 a6 11.Nd4 b5 12.Nxc6 dxc6 13.f4 h5 14.Be2 e5 15.f5 hxg4 16.Bxg4 Qc7
17.O-O g6 18.Kh1 Bd7 19.Bg5 Nxg4 20.Qxg4 gxf5 21.exf5 Rg8 22.Ne4 O-O-O 23.Qh5 Bxg5
24.Nxg5 c5 25.Rfd1 f6 26.Nf3 Rh8 27.Qf7 e4 28.Qxf6 exf3 29.Qxa6+ Kb8 30.Rd6 Bc6
31.Qxc6 Rxd6 32.Qxc7+ Kxc7  0-1